The five people you meet in heaven / (Registro nro. 30925)
[ vista simple ]
| 000 -CABECERA | |
|---|---|
| campo de control de longitud fija | 01073nam a2200253 a 4500 |
| 008 - CÓDIGOS DE INFORMACIÓN DE LONGITUD FIJA | |
| fixed length control field | 030325s2003 nyu gr 000 1deng |
| 020 ## - NÚMERO INTERNACIONAL NORMALIZADO PARA LIBROS | |
| ISBN | 0786868716 |
| 020 ## - NÚMERO INTERNACIONAL NORMALIZADO PARA LIBROS | |
| ISBN | 9781401308582 |
| 020 ## - NÚMERO INTERNACIONAL NORMALIZADO PARA LIBROS | |
| ISBN | 140138589 |
| 040 ## - Fuente de catalogación | |
| Agencia original de catalogación | CO-JMCR |
| Lenguaje de catalogación | spa |
| Agencia de transcripción | CO-JMCR |
| Agencia de modificación | CO-JMCR |
| Convenciones de descripción | rda |
| 041 #0 - CÓDIGO DE LENGUA | |
| Código idioma | eng |
| 082 04 - NÚMERO DE LA CLASIFICACIÓN DECIMAL DEWEY | |
| Número de clasificación Decimal | A-N |
| Número de documento (Cutter) | ALBf |
| Edition number | 23 |
| 100 1# - PUNTO DE ACCESO PRINCIPAL-NOMBRE DE PERSONA | |
| Nombre personal | Albom, Mitch, |
| Fechas asociadas al nombre | 1958- |
| 9 (RLIN) | 44011 |
| 245 14 - TÍTULO PROPIAMENTE DICHO | |
| Título | The five people you meet in heaven / |
| Mención de responsabilidad, etc. | Mitch Albom. |
| 260 3# - PUBLICACIÓN, DISTRIBUCIÓN, ETC. (PIE DE IMPRENTA) | |
| Lugar de publicación, distribución, etc. | New York : |
| Nombre del editor, distribuidor, etc. | Hyperion, |
| Fecha de publicación, distribución, etc. | ©2003. |
| 300 ## - DESCRIPCIÓN FÍSICA | |
| Extensión | 196 páginas ; |
| Dimensiones | 19 cm. |
| 520 3# - RESUMEN, ETC. | |
| Resumen,etc. | This is the fable you will devour when you fall in love. This is the tale you will keep by your side when you are lost. This is the story you will turn to again and gain, because it possesses the are magic to let you see yourself and the world anew. This book is agift to the saoul. |
| 650 24 - TÉRMINO DE MATERIA | |
| Subdivisión de forma | Novela. |
| 9 (RLIN) | 44012 |
| 650 24 - TÉRMINO DE MATERIA | |
| Subdivisión de forma | Novela. |
| 9 (RLIN) | 44013 |
| 650 24 - TÉRMINO DE MATERIA | |
| 9 (RLIN) | 43565 |
| 650 24 - TÉRMINO DE MATERIA | |
| Subdivisión de forma | Novela. |
| 9 (RLIN) | 44014 |
| Withdrawn status | Lost status | Source of classification or shelving scheme | Damaged status | Not for loan | Collection code | Home library | Current library | Shelving location | Date acquired | Total Checkouts | Full call number | Barcode | Date last seen | Copy number | Price effective from | Koha item type |
|---|---|---|---|---|---|---|---|---|---|---|---|---|---|---|---|---|
| Dewey Decimal Classification | Fiction | Biblioteca Pública José María del Castillo y Rada | Biblioteca Pública José María del Castillo y Rada | Book Cart | 12/16/2024 | A-N ALBf | 201811835 | 01/28/2025 | Ej.1 | 01/28/2025 | Books |